| 000 -LEADER |
| fixed length control field |
00947nam a2200193 4500 |
| 020 ## - INTERNATIONAL STANDARD BOOK NUMBER |
| ISBN |
9780357371398 |
| 082 ## - DEWEY DECIMAL CLASSIFICATION NUMBER |
| Classification number |
150 |
| Item number |
C775 2022 |
| 100 ## - MAIN ENTRY--AUTHOR NAME |
| Personal name |
Coon, Dennis, author |
| 245 ## - TITLE STATEMENT |
| Title |
Introduction to psychology: gateways to mind and behaviour. |
| 250 ## - EDITION STATEMENT |
| Edition statement |
sixteenth edition. |
| 260 ## - PUBLICATION, DISTRIBUTION, ETC. (IMPRINT) |
| Place of publication |
Boston, MA |
| Name of publisher |
Cengage Learning ; |
| Year of publication |
c2022. |
| 300 ## - PHYSICAL DESCRIPTION |
| Number of Pages |
1 online resource, xxvi, [705] pages ; |
| Other physical details |
illuatrations (col.) |
| 500 ## - GENERAL NOTE |
| General note |
Includes bibliographical references and index. |
| 520 ## - SUMMARY, ETC. |
| Summary, etc |
Introduction to psychology: gateways to mind and behavior explains the scientific study of human behavior and mental processes. It covers major topics such as how the brain works, learning and memory, human development, emotions, personality, and psychological disorders, helping students understand how people think, feel, and behave. |
| 650 ## - SUBJECT ADDED ENTRY--TOPICAL TERM |
| Topical Term |
Psychology. |
| 700 ## - ADDED ENTRY--PERSONAL NAME |
| Personal name |
Mitterer, John O., author |
| 700 ## - ADDED ENTRY--PERSONAL NAME |
| Personal name |
Martitni, Tanya S., author |
| 942 ## - ADDED ENTRY ELEMENTS (KOHA) |
| Koha item type |
Electronic Books |